| 000 | 00526nam a2200157 i 4500 | ||
|---|---|---|---|
| 001 | 94034 | ||
| 003 | ES-MaACL | ||
| 005 | 20230906181354.0 | ||
| 007 | t| | ||
| 008 | 050610s1909 sp ||||1| spa d | ||
| 100 | 1 |
_aCrespo Cordonie, Enrique. _941540 |
|
| 245 | 1 | 0 |
_aAmetralladoras reglamentarias / _cpor Enrique Crespo Cordonie. |
| 260 |
_aBarcelona : _bRevista Científico-Militar y Biblioteca Militar, _c1909. |
||
| 300 |
_a55 p., [9] h. de lám. ; _c22 cm. |
||
| 852 |
_aES-MaACL _jG-9366(2) _q. - Encuadernado con otra obra |
||
| 999 |
_c94034 _d94034 |
||